000
00338 a2200157 4500
001
164577
020
_a
040
_c
Magnum
100
_a
Rocha, Ruth
240
1
0
_a
As aventuras do alvinho
_l
por
245
1
0
_a
As aventuras do alvinho
362
0
_a
1899
440
1
_a
Melhoramentos
697
_a
IJ/AVENTURA, CRIANCAS
942
_c
BK
999
_c
164577
_d
164577